Silver catalysts in the partial oxidation of methanol to formaldehyde; Russian Journal of Applied Chemistry; Vol. 65, iss. 2
| Parent link: | Russian Journal of Applied Chemistry.— , 1928- Vol. 65, iss. 2.— 1992.— Р. 225-228 |
|---|---|
| Awduron Eraill: | , , , |
| Crynodeb: | A comparative study of the catalytic activity of supported (Ag/pumice, LNKh-M) and bulk (Ag{sub cryst}, SD, KS) catalysts for methanol oxidation was carried out. The effect of technological parameters on the partial oxidation of methanol was studied. The optimum conditions for conducting the process on the catalysts studied were determined. В фонде НТБ ТПУ отсутствует |
| Iaith: | Saesneg |
| Cyhoeddwyd: |
1992
|
| Pynciau: | |
| Fformat: | Pennod Llyfr |
| KOHA link: | https://koha.lib.tpu.ru/cgi-bin/koha/opac-detail.pl?biblionumber=599071 |
MARC
| LEADER | 00000naa0a2200000 4500 | ||
|---|---|---|---|
| 001 | 599071 | ||
| 005 | 20250414165510.0 | ||
| 035 | |a (RuTPU)RU\TPU\tpu\22918 | ||
| 035 | |a RU\TPU\tpu\22917 | ||
| 090 | |a 599071 | ||
| 100 | |a 20130324d1992 k||y0rusy50 ba | ||
| 101 | 0 | |a eng | |
| 102 | |a RU | ||
| 200 | 1 | |a Silver catalysts in the partial oxidation of methanol to formaldehyde |f A. N. Devochkin [et al.] | |
| 330 | |a A comparative study of the catalytic activity of supported (Ag/pumice, LNKh-M) and bulk (Ag{sub cryst}, SD, KS) catalysts for methanol oxidation was carried out. The effect of technological parameters on the partial oxidation of methanol was studied. The optimum conditions for conducting the process on the catalysts studied were determined. | ||
| 333 | |a В фонде НТБ ТПУ отсутствует | ||
| 461 | |t Russian Journal of Applied Chemistry |d 1928- | ||
| 463 | |t Vol. 65, iss. 2 |v Р. 225-228 |d 1992 | ||
| 610 | 1 | |a труды учёных ТПУ | |
| 701 | 1 | |a Devochkin |b A. N. | |
| 701 | 1 | |a Pestryakov |b A. N. |c Chemist |c Professor of Tomsk Polytechnic University, Doctor of Chemical Science |f 1963- |g Aleksey Nikolaevich |3 (RuTPU)RU\TPU\pers\30471 |4 070 |9 14796 | |
| 701 | 1 | |a Kurina |b L. N. | |
| 701 | 1 | |a Sakharov |b A. A. | |
| 801 | 1 | |a RU |b 63413507 |c 20130226 | |
| 801 | 2 | |a RU |b 63413507 |c 20130324 |g RCR | |
| 850 | |a 63413507 | ||
| 942 | |c CR | ||